000 00512nam a2200181Ia 4500
005 20250508150645.0
008 008 250505s9999 xx 000 0 eng d
037 _aTextual
040 _aFEDL
_beng
_cFEDL
041 _aeng
_2eng
084 _a372.21, FRA
_qFEDL
100 _aFranklin Adele
_9757295
245 0 _aPlay centers for school children
260 _aNew York, USA
_bWilliam Morrow and Company
_c1943
300 _a153p.
942 _cTEXL
_h372.21, FRA
999 _c1324858
_d1324858